European Journal of Criminology

Bibliographic Details
Format: eBook
Language:English
Subjects:
Online Access:Acceso restringido

MARC

LEADER 00000nam a22000007a 4500
005 20211014215610.0
007 cr|||| ||||
008 211014c20049999gb br|w s|||| 0|||b1eng d
022 |a 1477-3708 
035 |a 33784 
040 |a vLex 
090 |c 12559  |d 12559 
245 0 0 |a European Journal of Criminology  |h [Recurso electrn̤ico] / 
256 |a Servicio en ln̕ea 
300 |a 1 recurso electrn̤ico 
310 |a Bimestral 
362 |a Nð 1-1 (Ene. 2004) - 
506 1 |a Disponible solo en los productos indicados  |d vLex Global  |d vLex Global (Academic Edition, excluding Law Schools)  |d vLex Global (U.S. Academic Edition, Law Schools)  |d vLex Global (U.S. Academic Edition, excluding Law Schools)  |d vLex Global (Academic Edition, Law Schools) 
650 0 4 |a Derecho Penal  |z Reino Unido 
740 0 |a vLex Revistas (Servicio en ln̕ea) 
856 4 0 |u https://app.vlex.com/#/sources/33784  |z Acceso restringido 
942 |c REV 
999 0 |a Criminal law